000 03232nam0a2200469 4500
001 RU\NLR\BIBL_A\011404941
005 20260407083404.0
020 _aRU
_b5870
_9Сводный каталог листовок первых лет Советской власти (25 октября (7 ноября) 1917 - 1925) Т.3. Листовки советских, партийных, профсоюзных, комсомольских и других организаций Петрограда (Ленинграда) и Петроградской (Ленинградской) губернии
035 _a(NLR Aleph) 011404941
090 _a11526676
_c11526676
100 _a20170613d1917 |||y0rusy50 ca
101 0 _arus
_apol
102 _aRU
105 _ay z 000zy
135 _acrgn 008apada
200 1 _aГолосуйте за список № 4! Петроград, нояб. 1917 г.
_e[листовка]
210 _a[Пг.
_cб. и.
_d1917, нояб.]
215 _a1 с.
_d39х19
300 _aВ надзаг.: РСДРП. Социал-демократия Королевства Польского и Литвы
300 _aПодпись: Исполнительный комитет и Правление Петроградской группы СДКПиЛ в России
300 _aТекст пол.
300 _aОбращение: Товарищи-поляки!
325 1 _aКопия доступна в Электронной библиотеке РНБ
327 1 _aПризыв голосовать на выборах в Учредительное собрание за список № 4, выдвинутый большевиками и польскими социал-демократами
540 1 _aПризыв голосовать на выборах в Учредительное собрание за список № 4, выдвинутый большевиками и польскими социал-демократами
540 1 _aТоварищи-поляки!
601 0 2 _aВсероссийское учредительное собрание
_jЛистовки
_92533420
_3RU\NLR\AUTH\661500468
607 _aРСФСР
_jЛистовки
_xПолитика и управление
_y1917 - 1925
_92312782
_3RU\NLR\auth\6601609564
686 0 _aТ3(2)71-313,011
686 1 _aТ3(2)711.29-310,011
710 0 2 _aСоциал-демократия Королевства Польского и Литвы
_bПетроградская группа
_bИсполнительный комитет
_9565220
_3RU\NLR\AUTH\880450794
712 0 2 _4570
_aВсероссийское учредительное собрание
_c1918
_3RU\NLR\AUTH\8810361
_9293323
852 0 0 _aNLR
_bФЛ
_j13/197
942 _cBOOK
980 _aNB
981 2 1 _a(21) Листовки
_b(21) Листовки 1917 года
981 2 2 _a(22) Материалы по истории России
_b(22) История России с 25 октября (7 ноября) 1917 года